Dizionario moderno italiano-spagnuolo e spagnuolo-italiano. Parte italiana-spagnuola /
Guardat en:
| Autor principal: | |
|---|---|
| Format: | Llibre |
| Idioma: | italià espanyol |
| Publicat: |
Milano :
U. Hoepli,
©1986
|
| Edició: | Rist |
| Matèries: | |
| Etiquetes: |
Sense etiquetes, Sigues el primer a etiquetar aquest registre!
|
MARC
| LEADER | 00000nam a22000007i 4500 | ||
|---|---|---|---|
| 001 | IT\ICCU\CFI\0134082 | ||
| 003 | ItRI | ||
| 005 | 20260115231903.0 | ||
| 008 | 901012r1986uuuuit |||||| ||||| |||||c | ||
| 015 | |2 IT |a 91-6494 | ||
| 020 | |a 8820302292 | ||
| 040 | |b ita |c importazione bologna sebina | ||
| 041 | 7 | |a ita |a spa |2 ISO-639-2 | |
| 082 | |a 463.51 |9 LINGUA SPAGNOLA. DIZIONARI in italiano |2 21 | ||
| 082 | |a 463.51 |9 LINGUA SPAGNOLA. DIZIONARI ITALIANI |2 19 | ||
| 100 | 1 | |a Frisoni, Gaetano |0 IT\ICCU\CFIV\081938 |4 aut | |
| 245 | 1 | 0 | |a Dizionario moderno italiano-spagnuolo e spagnuolo-italiano. Parte italiana-spagnuola / |c Gaetano Frisoni. |
| 250 | |a Rist | ||
| 260 | |a Milano : |b U. Hoepli, |c ©1986 | ||
| 300 | |a X, 1118 p. ; |c 18 cm | ||
| 500 | |a Parte spagnuola-italiana pubbl. con il tit.: Dizionario moderno spagnuolo-italiano e italiano-spagnuolo | ||
| 500 | |a Ripr. facs. dell'ed. orig | ||
| 500 | |a Tit. della cop. | ||
| 650 | 7 | |a Lingua spagnola |x Dizionari | |
| 790 | 1 | |a Frisoni, Cayetano |3 IT\ICCU\RT1V\040122 |z Frisoni, Gaetano | |
| 790 | 1 | |a Frisoni, Gaétan |3 IT\ICCU\RT1V\039145 |z Frisoni, Gaetano | |
| 942 | |2 ddc |c BK |n 0 | ||
| 952 | |0 0 |1 0 |4 0 |6 DOC_453_610000000000000_FRI |7 0 |9 15391 |a BO |b BO |d 2026-01-15 |i 12874 |l 0 |o DOC 453.61 FRI |p BO12874 |r 2026-01-15 23:19:03 |w 2026-01-15 |x [Sebina 7] [1 v.] |y BK |z 1 v. | ||
| 999 | |c 13253 |d 13253 | ||